|
|
|
|
| LEADER |
00000nam0a2200000 4500 |
| 001 |
24269 |
| 005 |
20231101205610.0 |
| 010 |
|
|
|a 5691002988
|
| 035 |
|
|
|a (RuTPU)RU\TPU\book\24496
|
| 035 |
|
|
|a BOOK00024569
|
| 090 |
|
|
|a 24269
|
| 100 |
|
|
|a 20011209d2000 m y0rusy50 ca
|
| 101 |
0 |
|
|a rus
|
| 102 |
|
|
|a RU
|
| 105 |
|
|
|a y j 000zy
|
| 200 |
1 |
|
|a Философия. 100 вопросов - 100 ответов
|e учебное пособие для вузов
|f А. К. Рычков, Б. Л. Яшин
|
| 210 |
|
|
|a Москва
|c Владос
|d 2000
|
| 215 |
|
|
|a 126 с.
|
| 225 |
1 |
|
|a Внимание, экзамен!
|
| 606 |
1 |
|
|a Философия
|2 stltpush
|3 (RuTPU)RU\TPU\subj\63880
|9 80812
|
| 610 |
1 |
|
|a история
|
| 610 |
1 |
|
|a бытие
|
| 610 |
1 |
|
|a человек
|
| 610 |
1 |
|
|a сознание
|
| 610 |
1 |
|
|a мышление
|
| 610 |
1 |
|
|a познание
|
| 610 |
1 |
|
|a социальная философия
|
| 610 |
1 |
|
|a общество
|
| 610 |
1 |
|
|a учебные пособия
|
| 610 |
1 |
|
|a экзаменационные ответы
|
| 686 |
|
|
|a Ю0/3я73
|v LBC/SL-A
|2 rubbk
|
| 700 |
|
1 |
|a Рычков
|b А. К.
|g Александр Константинович
|
| 701 |
|
1 |
|a Яшин
|b Б. Л.
|g Борис Леонидович
|
| 801 |
|
0 |
|a RU
|b 63413507
|c 20011209
|g PSBO
|
| 801 |
|
2 |
|a RU
|b 63413507
|c 20140130
|g PSBO
|
| 900 |
|
|
|a Философия
|
| 942 |
|
|
|c BK
|